| 000 | 01791nam0a2200361 4500 | ||
|---|---|---|---|
| 001 | RU\NLR\bibl\1796885 | ||
| 005 | 20260405091942.0 | ||
| 010 |
_a978-5-7487-1478-5 _9150 |
||
| 021 |
_aRU _b2011-53051 _93781 |
||
| 035 | _a(NLR Aleph) 001787567 | ||
| 090 |
_a1736759 _c1736759 |
||
| 100 | _a20110810d2011 |||y0rusy50 ca | ||
| 101 | 0 | _arus | |
| 102 | _aRU | ||
| 105 | _aa ||||||||| | ||
| 200 | 1 |
_aКритика тоталитарного опыта _fБ.В. Марков, С.П. Щавелев _gГос. образоват. учреждение высш. проф. образования "Кур. гос. мед. ун-т" М-ва здравоохранения и социал. развития Рос. Федерации |
|
| 210 |
_aКурск _cИзд-во Курского государственного медицинского университета _d2011 |
||
| 215 |
_a159 с. _cил., портр. _d20 |
||
| 300 | _aНа 153-155-й с. авт.: Б.В. Марков - д.филос.н., проф., С.П. Щавелев - к.филос.н., д.филос.н., проф. | ||
| 320 | _aБиблиогр. в подстроч. примеч. и втексте | ||
| 320 | _aДр. произведения авт. с. 153-155 | ||
| 606 | 1 |
_aТоталитаризм _91719752 _3RU\NLR\auth\661064541 |
|
| 686 | _aТ3(0)0-5 | ||
| 686 | _aЮ0в05 | ||
| 686 | _aЮ6 | ||
| 700 | 1 |
_4070 _7ca _8rus _aМарков _bБ. В. _cд-р филос. наук _f1946- _gБорис Васильевич _916199 _3RU\NLR\auth\7733191 |
|
| 701 | 1 |
_4070 _7ca _8rus _aЩавелев _bС. П. _f1953- _gСергей Павлович _9137580 _3RU\NLR\AUTH\770137615 |
|
| 801 | 0 |
_aRU _bNLR _c20110810 _gRCR |
|
| 801 | 1 |
_aRU _bNLR _c20110810 |
|
| 942 | _cBOOK | ||
| 980 | _aNB | ||
| 980 | _aNBR | ||